000 00949nam a2200205 a 4500
008 120416s1995 ||||||||||||||||| || u
020 _a0750622687
050 _aTA 330 Bol
100 _aBolton, W
245 1 0 _aMathematics for engineering
260 _aOxford
_bNewnes
_c1995
300 _aix, 305 p. : ill.
350 _a0.00
500 _a'GNVQ engineering
650 0 _aENGINEERING MATHEMATICS
650 0 _aMATHEMATICS--HANDBOOKS, MANUALS, ETC
995 _aANNEX COLLECTION (Main Library)
_D0.00
_e730478
_FCBU-MAIN LIBRARY (Kitwe)
_H3
_I25.00
_jTA 330 BOL
_M2
_UAVAILABLE
_y027409
_ZAnnex Low-Usage Collection
995 _aMAIN LIBRARY OPEN ACCESS
_D0.00
_e730479
_FCBU-MAIN LIBRARY (Kitwe)
_H1
_I25.00
_jTA 330 BOL
_M1
_UAVAILABLE
_y027410
_ZMain Library Open Access Collection
995 _aMAIN LIBRARY OPEN ACCESS
_D0.00
_e731524
_FCBU-MAIN LIBRARY (Kitwe)
_H1
_I0.00
_jTA 330 BOL
_M3
_UAVAILABLE
_WApr 26, 2006
_y028587
_ZMain Library Open Access Collection
999 _c82753
_d82753